Využívajú vzdelanejší Slováci Facebook intenzívnejšie?
Uložené v:
| Hlavný autor: | |
|---|---|
| Korporativný autor: | |
| Médium: | Kniha |
| Jazyk: | Slovak |
| Vydavateľské údaje: |
Bratislava
2014
|
| Predmet: | |
| Tagy: |
Žiadne tagy, Buďte prvý, kto otaguje tento záznam!
|
MARC
| LEADER | 00000nam a2200000 4500 | ||
|---|---|---|---|
| 001 | 0195742 | ||
| 005 | 20240502073305.1 | ||
| 041 | 0 | |a slo | |
| 044 | |a SK | ||
| 245 | 1 | 0 | |a Využívajú vzdelanejší Slováci Facebook intenzívnejšie? |c Peter Štetka |
| 264 | 1 | |a Bratislava |c 2014 | |
| 300 | |a [2 s., 2,01 NS] | ||
| 610 | 2 | 0 | |a internet |
| 610 | 2 | 0 | |a siete sociálne |
| 610 | 2 | 0 | |a stránky webové |
| 610 | 2 | 0 | |a technológie informačné |
| 610 | 2 | 0 | |a Slovensko |
| 610 | 2 | 0 | |a Facebook |
| 100 | 1 | |a Štetka, Peter, 1986- | |
| 710 | 2 | |a WordPress Foundation | |